Loreto College Library, Kolkata
WEBOPAC (ONLINE PUBLIC ACCESS CATALOGUE)

Viswa Bharati patrika (Record no. 38652)

MARC details
000 -LEADER
fixed length control field 00585nam a2200193Ia 4500
008 - FIXED-LENGTH DATA ELEMENTS--GENERAL INFORMATION
fixed length control field 131103s9999 xx 000 0 und d
020 ## - ISBN | অাই এস বি এন
PRICE Rs.60.00
040 ## - CATALOGING SOURCE
Original cataloging agency Loreto College
041 ## - LANGUAGE CODE
Language code English
082 ## - DDC | ডিউই
Classification number | বর্গসংখ্যা 891.44(J)/VIS
Book Number | গ্রন্থাঙ্ক LCLIB/50024
245 ## - TITLE STATEMENT | অাখ্যা বিবরণী
Title | অাখ্যা Viswa Bharati patrika
Sub title | উপঅাখ্যা July-September 2012
Statement of responsibility | লেখকের দায়িত্বের বিবরণ Edited by Amitrasudan Bhattacharya
260 ## - IMPRINT | প্রকাশনা ক্ষেত্র
Place of publication | প্রকাশ স্থান Kolkata
Name of publisher | প্রকাশকের নাম Viswa Bharati Granthanbibhag
Date of publication | প্রকাশ কাল 2012
300 ## - PHYSICAL DESCRIPTION |
Page / Vol. No | পৃষ্ঠা / খন্ড সংখ্যা 104p
504 ## - BIBLIOGRAPHY, ETC. NOTE
Bibliography, etc Sraban-Ashshin 1419
650 ## - SUBJECT ADDED ENTRY--TOPICAL TERM | বিষয় শিরোনাম - মূল বিষয়
Topical term | মূল বিষয় Bengali journal
700 ## - ADDED ENTRY--PERSONAL NAME | অতিরিক্ত সংলেখ - ব্
Personal name | ব্যাক্তিনাম Bhattacharya,Amitrasudan,ed.
850 ## - HOLDING INSTITUTION
Holding institution LCLIB/891.44(J)/VIS
942 ## - ADDED ENTRY ELEMENTS (KOHA)
Koha item type Books
Holdings
Withdrawn status Lost status Damaged status Not for loan Home library Current library Date acquired Total Checkouts Full call number Accession No. Date last seen Date checked out Price effective from Koha item type
        Loreto College Loreto College 04/11/2013 6 891.44(J)/VIS LCLIB/50024 B42106 23/10/2017 23/10/2017 04/11/2013 Books